|
|
|
|
| LEADER |
00000cam a2200000 7i4500 |
| 001 |
0000044972 |
| 005 |
20151221.0 |
| 008 |
150127 |
| 020 |
|
|
|a 8121923182
|
| 020 |
|
|
|a 9788121923187
|
| 090 |
0 |
0 |
|a 621.319
|b GUP
|
| 100 |
1 |
|
|a Gupta B.R.
|
| 245 |
1 |
0 |
|a Fundamentals Of Electrical Networks
|c B.R.Gupta, Vandana Singhal
|
| 260 |
|
|
|a India :
|b S.Chand & Company Ltd. ,
|c 2005
|
| 500 |
|
|
|a Includes Bibliography(639pg.)
|
| 500 |
|
|
|a Includes Index(640642-912pg.)
|
| 650 |
|
0 |
|a Electrical networks
|
| 999 |
|
|
|a 0001392938
|b Book
|c Adult Collection
|e Cawangan Tmn. Ungku Tun Aminah
|
| 999 |
|
|
|a 0001517891
|b Book
|c Adult Collection
|e Cawangan Segamat
|